A catalogue of books / (Record no. 185353)

MARC details
000 -LEADER
campo de control de longitud fija 00564nam a2200169 i 4500
001 - NÚMERO DE CONTROL
campo de control 185353
003 - IDENTIFICADOR DE NÚMERO DE CONTROL
campo de control ES-MaACL
005 - FECHA Y HORA DE LA ÚLTIMA TRANSACCIÓN
campo de control 20230906222418.0
008 - DATOS DE LONGITUD FIJA--INFORMACIÓN GENERAL
campo de control de longitud fija 160524s1912 xxk |||| | eng d
110 2# - ENTRADA PRINCIPAL--NOMBRE DE ENTIDAD CORPORATIVA
Nombre de entidad corporativa o nombre de jurisdicción como elemento de entrada Cambridge University Press.
9 (RLIN) 134212
245 12 - MENCIÓN DEL TÍTULO
Título A catalogue of books /
Mención de responsabilidad, etc. published by the Cambridge University Press.
260 ## - PUBLICACIÓN, DISTRIBUCIÓN, ETC.
Lugar de publicación, distribución, etc. Cambridge :
Nombre del editor, distribuidor, etc. University Press,
Fecha de publicación, distribución, etc. 1912.
300 ## - DESCRIPCIÓN FÍSICA
Extensión 180 p. ;
Dimensiones 22 cm.
610 24 - PUNTO DE ACCESO ADICIONAL DE MATERIA--NOMBRE DE ENTIDAD CORPORATIVA
Nombre de entidad corporativa o nombre de jurisdicción como elemento de entrada Cambridge University Press-
Subdivisión de forma Catálogos.
9 (RLIN) 159628
650 #4 - PUNTO DE ACCESO ADICIONAL DE MATERIA--TÉRMINO DE MATERIA
Término de materia o nombre geográfico como elemento de entrada Libros-
Subdivisión de forma Catálogos comerciales.
9 (RLIN) 159004
852 ## - LOCALIZACIÓN
Ubicación ES-MaACL
Número de control de estantería 1512-F-3
Holdings
Estatus retirado Estado de pérdida Estado de daño No para préstamo Colección Biblioteca de origen Biblioteca actual Ubicación en estantería Fecha de adquisición Fuente de adquisición Total de préstamos Signatura topográfica completa Código de barras Visto por última vez Precio de reemplazo Tipo de ítem Koha
        Colección de folletos Biblioteca del Ateneo de Madrid Biblioteca del Ateneo de Madrid Depósito folletos 24/05/2016     1512-F-3 1195280 23/02/2023 23/02/2023 Folleto